| 000 | 00501nam a2200181Ia 4500 | ||
|---|---|---|---|
| 999 |
_c29612 _d29612 |
||
| 003 | OSt | ||
| 005 | 20201231123552.0 | ||
| 008 | 190216s9999||||xx |||||||||||||| ||und|| | ||
| 020 | _a9788126426386 | ||
| 040 | _coclc | ||
| 082 |
_a894.8127 _bRAJ/T |
||
| 100 |
_aRajan, Jeena _98022 |
||
| 245 | 0 |
_aTintumonodano Kali / _cJeena Rajan |
|
| 260 |
_bD C Books, _c2010. _aKottayam: |
||
| 300 | _a92p | ||
| 650 | _aBalasahithyam | ||
| 942 |
_cBK _2ddc _h894.8127 _iRAJ/T _k894.8127 _mRAJ/T |
||